[Event "SLO-chT2 East"]
[Site "Slovenia"]
[Date "2017.09.30"]
[Round "1"]
[White "Burjak, Zdravko"]
[Black "Mostoegl, Konrad"]
[Result "0-1"]
[WhiteElo "1954"]
[BlackElo "1962"]
[PlyCount "93"]
[EventDate "2017.09.30"]
[EventType "team-tourn"]
[EventRounds "9"]
[EventCountry "SLO"]
[SourceTitle "EXT 2019"]
[Source "ChessBase"]
[SourceDate "2018.10.10"]
[SourceVersion "1"]
[SourceVersionDate "2018.10.10"]
[SourceQuality "1"]

1. e4 c5 2. Nf3 e6 3. d4 cxd4 4. Nxd4 a6 5. Nc3 b6 6. Bd3 Bb7 7. Qe2 Nf6 8. f4 Bb4 9. Bd2 0-0 10. h4 Qc7 11. e5 Bxc3 12. Bxc3 Nd5 13. Bd2 Nc6 14. Nxc6 Qxc6 15. 0-0-0 Qa4 16. Kb1 Rac8 17. Rh3 f5 18. Qf2 Nb4 19. Bxb4 Qxb4 20. a3 Qa5 21. Rg3 b5 22. Rg5 b4 23. Qd2 Rb8 24. axb4 Qa4 25. g4 Bd5 26. c4 Bf3 27. Rg1 Bxg4 28. R1xg4 fxg4 29. h5 Qxb4 30. Qxb4 Rxb4 31. Rxg4 Rfb8 32. Rg2 a5 33. f5 Kf7 34. fxe6+ Kxe6 35. Bxh7 Kxe5 36. Bd3 Kd4 37. Bf5 d6 38. Ka2 Kxc4 39. Be6+ Kd4 40. b3 a4 41. Rxg7 axb3+ 42. Kb2 Ke5 43. Bg8 Rh4 44. Rg5+ Kf4 45. Rg2 Rxh5 46. Bf7 Re5 47. Rd2 0-1

[Event "SLO-chT2 East"]
[Site "Slovenia"]
[Date "2016.10.01"]
[Round "2"]
[White "Skuhala, Luka"]
[Black "Mostoegl, Konrad"]
[Result "1-0"]
[WhiteElo "2072"]
[BlackElo "1962"]
[PlyCount "113"]
[EventDate "2016.09.24"]
[EventType "team-tourn"]
[EventRounds "9"]
[EventCountry "SLO"]
[SourceTitle "EXT 2019"]
[Source "ChessBase"]
[SourceDate "2018.10.10"]
[SourceVersion "1"]
[SourceVersionDate "2018.10.10"]
[SourceQuality "1"]
[WhiteTeam "Ljutomer Radenska"]
[BlackTeam "Dravograd"]
[WhiteTeamCountry "SLO"]
[BlackTeamCountry "SLO"]

1. e4 Nf6 2. e5 Nd5 3. d4 e6 4. Nf3 b6 5. Bd3 Bb7 6. 0-0 a6 7. Re1 Nb4 8. Bf1 d5 9. exd6 cxd6 10. a3 Nd5 11. c4 Nf6 12. d5 e5 13. Nd4 h6 14. f4 Nbd7 15. fxe5 dxe5 16. Nf5 g6 17. Ng3 Bc5+ 18. Kh1 Bf2 19. Re2 Bxg3 20. hxg3 Nh5 21. Qe1 f5 22. b3 Kf7 23. Nd2 Qc7 24. Qf2 Ndf6 25. Bb2 Rhe8 26. Rae1 Ng4 27. Qf3 Kg8 28. Ne4 Qd7 29. Nf2 e4 30. Qc3 Nxf2+ 31. Rxf2 Kh7 32. Be2 Ng7 33. g4 e3 34. Rff1 Re4 35. Qxg7+ Qxg7 36. Bxg7 Kxg7 37. gxf5 g5 38. f6+ Kf8 39. Bd3 Re5 40. Rf3 Rd8 41. Rexe3 Rde8 42. Rxe5 Rxe5 43. Rh3 Bc8 44. Rxh6 Kf7 45. Kh2 Bf5 46. Bxf5 Rxf5 47. Rh7+ Kg6 48. Rg7+ Kxf6 49. Rb7 Ke5 50. Rxb6 Kf4 51. d6 g4 52. g3+ Kf3 53. d7 Rf8 54. Rd6 Ke2 55. Re6+ Kf1 56. Re8 Rf7 57. d8Q 1-0

[Event "SLO-chT2 East"]
[Site "Slovenia"]
[Date "2015.11.07"]
[Round "6"]
[White "Mostoegl, Konrad"]
[Black "Skuhala, Luka"]
[Result "1/2-1/2"]
[WhiteElo "1962"]
[BlackElo "1994"]
[PlyCount "92"]
[EventDate "2015.09.05"]
[EventType "team-tourn"]
[EventRounds "9"]
[EventCountry "SLO"]
[SourceTitle "EXT 2019"]
[Source "ChessBase"]
[SourceDate "2018.10.10"]
[SourceVersion "1"]
[SourceVersionDate "2018.10.10"]
[SourceQuality "1"]
[WhiteTeam "Dravograd"]
[BlackTeam "Radenska Ljutomer"]
[WhiteTeamCountry "SLO"]
[BlackTeamCountry "SLO"]

1. e4 c5 2. d4 cxd4 3. Nf3 d6 4. Qxd4 a6 5. Be3 Nc6 6. Qb6 Qxb6 7. Bxb6 Nf6 8. Nc3 e6 9. 0-0-0 Be7 10. h3 0-0 11. Bc7 Ne8 12. Bb6 Nb8 13. a4 Nd7 14. Be3 b6 15. Nd2 Rb8 16. f4 Bb7 17. Rg1 Nc5 18. Nc4 Nxe4 19. Nxe4 Bxe4 20. Nxb6 Bc6 21. Bxa6 Nc7 22. Be2 d5 23. c3 Bf6 24. a5 Rfe8 25. Bc5 Na8 26. Kc2 Nxb6 27. Bxb6 Bd8 28. Bxd8 Ba4+ 29. Kd3 Bxd1 30. Rxd1 Rexd8 31. Rb1 Rd7 32. b4 Ra7 33. Ra1 Kf8 34. Kd4 Ke7 35. b5 Kd6 36. Bd3 f6 37. Ra4 e5+ 38. fxe5+ fxe5+ 39. Ke3 e4 40. Be2 g6 41. h4 h6 42. g4 g5 43. h5 Rba8 44. a6 Kc5 45. Rb4 Rb8 46. Rd4 Rba8 1/2-1/2

[Event "SLO-chT2 East"]
[Site "Slovenia"]
[Date "2015.09.05"]
[Round "1"]
[White "Mostoegl, Konrad"]
[Black "Turicnik, Vlado"]
[Result "1/2-1/2"]
[WhiteElo "1962"]
[BlackElo "2012"]
[PlyCount "27"]
[EventDate "2015.09.05"]
[EventType "team-tourn"]
[EventRounds "9"]
[EventCountry "SLO"]
[SourceTitle "EXT 2019"]
[Source "ChessBase"]
[SourceDate "2018.10.10"]
[SourceVersion "1"]
[SourceVersionDate "2018.10.10"]
[SourceQuality "1"]
[WhiteTeam "Dravograd"]
[BlackTeam "Fuzinar Hapro"]
[WhiteTeamCountry "SLO"]
[BlackTeamCountry "SLO"]

1. e4 c6 2. d4 d5 3. Nc3 dxe4 4. Nxe4 Bf5 5. Ng3 Bg6 6. Nf3 Nd7 7. Bd3 Bxd3 8. Qxd3 h6 9. 0-0 Ngf6 10. b3 e6 11. Bb2 Be7 12. Rad1 Qa5 13. a4 Rd8 14. c4 1/2-1/2

[Event "Semriach op 11th"]
[Site "Semriach"]
[Date "2012.04.30"]
[Round "4.6"]
[White "Srienz, Christian"]
[Black "Mostoegl, Konrad"]
[Result "1-0"]
[WhiteElo "2266"]
[BlackElo "1923"]
[PlyCount "90"]
[EventDate "2012.04.27"]
[EventType "swiss"]
[EventRounds "5"]
[EventCountry "AUT"]
[SourceTitle "EXT 2024"]
[Source "ChessBase"]
[SourceDate "2023.10.10"]
[SourceVersion "1"]
[SourceVersionDate "2023.10.10"]
[SourceQuality "1"]

1. c4 b6 2. Nc3 Bb7 3. e4 c5 4. g3 Nc6 5. Bg2 e6 6. Nge2 Nd4 7. 0-0 h5 8. h4 g5 9. hxg5 Qxg5 10. d3 Qg7 11. Nxd4 cxd4 12. Nb5 Kd8 13. e5 Bxg2 14. Kxg2 a6 15. Qf3 Rb8 16. Nxd4 h4 17. Rh1 hxg3 18. Qxg3 Rxh1 19. Bg5+ Kc7 20. Rxh1 Be7 21. Nf3 Rf8 22. Rh3 Qg6 23. Rh8 Bxg5 24. Qxg5 Qxd3 25. Rxg8 Rxg8 26. Qxg8 Qxc4 27. b3 Qc2 28. Qxf7 Qxa2 29. Nd4 Qd2 30. Nxe6+ Kc6 31. Nf4 b5 32. Qf8 Kc7 33. Qf7 Kc6 34. Qf8 Kb7 35. Qf5 Qd4 36. e6 dxe6 37. Nxe6 Qd6 38. Qe4+ Kc8 39. Nd4 Kc7 40. f4 Qf6 41. Qe5+ Qxe5 42. fxe5 Kb6 43. Kf3 a5 44. Ke4 a4 45. b4 a3 1-0